000
00262pam a2200121 a 4500
020
_c
041
_a
eng
100
_a
John Tennant.
245
_a
A Hand Book Of English Usage
_h
Textual Documents
260
_a
[s.l]:
_b
Logman
300
_a
184p.
930
_a
15289
999
_c
92189
_d
92189